Jang tak terpadamkan (Kumpulan tjerita pendek); (Record no. 72216)

MARC details
000 -LEADER
fixed length control field 00891cam a22002171 4500
001 - CONTROL NUMBER
control field sa 67000794
003 - CONTROL NUMBER IDENTIFIER
control field DLC
005 - DATE AND TIME OF LATEST TRANSACTION
control field 20260227112317.0
008 - FIXED-LENGTH DATA ELEMENTS--GENERAL INFORMATION
fixed length control field 940621s1965 io 000 0 ind
010 ## - LIBRARY OF CONGRESS CONTROL NUMBER
LC control number sa 67000794
025 ## - OVERSEAS ACQUISITION NUMBER
Overseas acquisition number PL480:Indo-2634
035 ## - SYSTEM CONTROL NUMBER
System control number (OCoLC)30638711
040 ## - CATALOGING SOURCE
Original cataloging agency DLC
Transcribing agency CU
Modifying agency DLC
042 ## - AUTHENTICATION CODE
Authentication code premarc
050 00 - LIBRARY OF CONGRESS CALL NUMBER
Classification number JQ779.A55
Item number A85
245 00 - TITLE STATEMENT
Title Jang tak terpadamkan (Kumpulan tjerita pendek);
Remainder of title menjambut ulangtahun ke-45 PKI.
260 ## - PUBLICATION, DISTRIBUTION, ETC.
Place of publication, distribution, etc. Djakarta,
Name of publisher, distributor, etc. Jajasan "Pembaruan,"
Date of publication, distribution, etc. 1965.
300 ## - PHYSICAL DESCRIPTION
Extent 113 p.
Dimensions 21 cm.
505 0# - FORMATTED CONTENTS NOTE
Formatted contents note Paman Martil, oleh P. A. Toer.--Guruh, oleh A. K. Ibrahim.--Komunis pertama, oleh T. Iskandar A. S.--Tjatatan seorang pradjurit, oleh Mara L.P.--Peristiwa 19 Desember 48, oleh B. S. Dewantoro.--Anak desa, oleh Sugiarti.--Dia seorang lelaki, oleh H. S. Muljana I. W.--Terkepung, oleh Zubir A. A.
710 2# - ADDED ENTRY--CORPORATE NAME
Corporate name or jurisdiction name as entry element Partai Komunis Indonesia.

No items available.

Powered by Koha